00415nam a2200133Ia 4500008004100000020002200041100002000063245007300083250001200156260005300168300002500221500001900246650001600265200903s9999 xx 000 0 und d a978-981-48-4618-9 aZill, Dennis G. cDennis G. ZillaDifferential equations with boundary-value problems/ a9th ed. aSingapore:bCengage Learning Asia Pte Ltd.c2019 ax, 559 pagesc25 cm. aIncludes index aMathematics